Statistics for Italian Geography on the Map

Click here to take the quiz!

General Stats

  • This quiz has been taken 550 times
    (513 since last reset)
  • The average score is 17 of 25

Answer Stats

Geography % Correct
Sicily
98%
Sardinia
96%
Rome
96%
Venice
95%
Milan
93%
Adriatic Sea
92%
Florence
92%
Tuscany
89%
Palermo
85%
Mount Etna
85%
Po
83%
Mount Vesuvius
82%
Mont Blanc
74%
Tiber
68%
Ionian Sea
64%
Veneto
58%
Piedmont
53%
Matterhorn
46%
Elba
45%
Ligurian Sea
44%
Capri
44%
Apulia
43%
Abruzzo
41%
Aeolian Islands
26%
Monte Viso
10%

Score Distribution

Percentile by Number Answered

Percent of People with Each Score

Your Score History

You have not taken this quiz since the last reset